| 000 | 00562nam a2200217 a 4500 | ||
|---|---|---|---|
| 999 |
_c3908 _d3908 |
||
| 001 | 3908 | ||
| 003 | BD-JhCC | ||
| 005 | 20171119185726.0 | ||
| 008 | 171119s1967 e a|||| ||a| 000 0 eng d | ||
| 035 | _a(BD-JhCC)3908 | ||
| 040 |
_aBD-JhCC _dBD-JhCC |
||
| 041 | _aeng | ||
| 082 |
_a942.0610924 _bPEA 1967 |
||
| 100 | _aPeach, L Du Garde | ||
| 245 |
_aJames 1 and the Gunpowder Plot / _cL Du Garde Peach, |
||
| 260 |
_aEngland : _bWills & Hepworth Ltd, _c1967 |
||
| 300 |
_a50 p. : _b18 cm. |
||
| 650 | _aGunpowder Plot | ||
| 942 |
_2ddc _cBK |
||